Bekannte Persönlichkeiten aus Sachsen-Anhalt - Statistiken

Allgemein
  • Dieses Quiz wurde 98 mal gespielt
  • Das Durchschnittsergebnis liegt bei 7 aus 20
Antwortstatistiken
Geburtsjahr Geburtsort Hinweis Person % Korrekt
1483 Eisleben Initiator der Reformation Martin Luther
98%
1935 Dessau(-Roßlau) Komiker und Schauspieler (u.a. Hauptdarsteller in "Honig im Kopf" und den Didi-Filmen) Dieter Hallervorden
73%
1815 Schönhausen (Elbe) erster Reichskanzler des deutschen Kaiserreiches Otto von Bismarck
73%
1685 Halle (Saale) Komponist des Barock (Hallelujah, Wasser- und Feuerwerksmusik) Georg Friedrich Händel
67%
1844 Röcken (Lützen) Philologe und Philosoph, prägte den Ausspruch "Gott ist tot", Autor von "Also sprach Zarathustra" Friedrich Nietzsche
65%
1927 Reideburg (Halle) Politiker (FDP), Innenminister, Außenminister und Vizekanzler (1974-1992), am längsten amtierender Bundesminister Hans-Dietrich Genscher
53%
1948 Halberstadt ehemaliger Fußballer, schoss bei der WM 1974 das Siegtor für die DDR über die BRD Jürgen Sparwasser
49%
1602 Magdeburg Physiker und Erfinder, demonstrierte mit den Magdeburger Halbkugeln die Wirkung eines Vakuums Otto von Guericke
31%
um 1489 Stolberg (Harz) Theologe, Revolutionär und Anführer von Bauernaufständen im Bauernkrieg Thomas Müntzer
31%
1986 Halle (Saale) Schwimmer, Europameister und Weltmeister, stellte mehrere Rekorde auf Paul Biedermann
27%
1977 Havelberg Chanson- und Popsängerin ("Das Spiel") Annett Louisan
16%
1715 Quedlinburg erste promovierte deutsche Ärztin Dorothea Christiane Erxleben
11%
1974 Magdeburg ehemaliger Handballtorwart, Welt- und Europameister sowie 2004 Welthandballer Henning Fritz
11%
1962 Dessau-(Roßlau) Schauspieler (u.a. "Stalingrad", "Der Pianist", "Operation Walküre") Thomas Kretschmann
10%
1867 Nebra Schrifstellerin, wohl erfolgreichste deutsche Romanautorin, verfasste etwa 200 Heftromane (u.a. "Griseldis") Hedwig Courths-Mahler
9%
1743 Wernigerode Chemiker, Entdecker mehrerer Elemente (darunter Uran) und Entwickler des Papierrecycling Martin Heinrich Klaproth
8%
1958 Jerichow Schauspieler ("Der Aufenthalt", "Inglourious Basterds", Polizeiruf 110 Magdeburg) Sylvester Groth
7%
1875 Aken (Elbe) erste freiberufliche Architektin Deutschlands Emilie Winkelmann
6%
1878 Magdeburg Schriftsteller, erfolgreichster Dramatiker der expressionistischen Generation (u.a. "Die Bürger von Calais", "Der Silbersee") Georg Kaiser
6%
1938 Halberstadt Journalistin, präsentierte als erste Frau in der BRD eine Nachrichtensendung Wibke Bruhns
6%
Keine übereinstimmenden Quizze gefunden
Verteilung der Resultate
Anzahl Personen mit jedem Resultat
Perzentil nach korrekt beantworteten Fragen
Ihre Resultats-Entwicklung
Sie haben dieses Quiz noch nicht gespielt